| 000 | 007020000a22002290004500 | ||
|---|---|---|---|
| 001 | 48842 | ||
| 010 | _a972-699-386-5 | ||
| 021 |
_aPT _b86992 |
||
| 100 | _a20100512d2010 k y0pory5003 ba | ||
| 101 | 0 | _apor | |
| 102 | _aPT | ||
| 200 | 1 |
_aÉvora uma vez... _ehistórias da segunda cidade do reino 1480/1580 _fFrancisco Bilou |
|
| 210 |
_aLisboa _cVega _d1995 |
||
| 215 |
_a44 p. _cil. |
||
| 606 |
_92126 _aLiteratura juvenil _xConto |
||
| 675 |
_a821.134.3-34 _vBN _zpor |
||
| 675 |
_a087.5-053.6 _vBN _zpor |
||
| 700 | 1 |
_910020 _aBilou _bFrancisco _f1960- |
|
| 801 |
_aPT _c20100512 |
||
| 090 | _a48842 | ||
| 942 |
_cMON _n0 |
||
| 999 | _a48842 | ||